[Event "VI Sunway Sitges Open 2019"]
[Site "Sitges"]
[Date "2019.12.16"]
[Round "4.7"]
[White "Narayanan.S.L"]
[Black "Yankelevich, Lev"]
[Result "1-0"]
[WhiteElo "2626"]
[BlackElo "2472"]
[Annotator "TA"]
[PlyCount "57"]
[EventDate "2019.12.13"]
[EventType "swiss"]
[EventCountry "ESP"]
[SourceTitle "playchess.com"]
[Source "ChessBase"]
[SourceQuality "1"]

{[%evp 16,57,25,25,39,34,33,12,20,19,56,60,63,79,89,60,145,153,137,141,227,233,235,240,376,366,377,360,472,103,472,481,467,471,450,468,470,464,441,446,673,638,1827,1387]} 1. e4 e5 2. Nf3 Nc6 3. Bb5 a6 4. Ba4 Nf6 5. O-O Be7 6. Re1 b5 7. Bb3 O-O 8. h3 Bb7 9. d3 d5 {C88: Closed Ruy Lopez: Anti-Marshall Systems} (9... d6 10. a3 Re8 11. Nc3 Qd7 12. Ne2 Nd8 13. Ng3 Ne6 14. Nf5 Bd8 15. Ng5 c5 16. Qf3 d5 17. exd5 Bxd5 18. Bxd5 Nxg5 19. Bxg5 Qxd5 {½-½ (51) Shankland,S (2705)-Ding,L (2811) chess.com INT 2019}) 10. exd5 Nxd5 11. a4 Nd4 {The position is equal.} 12. Nbd2 Qd6 13. Ne4 Qd8 14. Nxd4 exd4 15. Qh5 h6 $146 (15... c5 $14) ({Predecessor:} 15... Bb4 16. Bg5 f6 17. Bd2 Bxd2 18. Nxd2 {1-0 (44) Kotronias,V (2505)-Anand,N (2394) Divcibare 2018}) 16. Bxh6 $16 gxh6 17. Qxh6 Rb8 (17... c5 $16 {is a better defense.}) 18. axb5 $18 axb5 {intending ...Bc8.} 19. Ra7 Bc8 (19... Bh4 $142 20. Rxb7 {[%mdl 64] Remove Defender} Rxb7) 20. Bxd5 $1 {[%mdl 64] [#] Overworked Piece} Qxd5 21. Rxc7 Bd8 22. Nf6+ $40 {[%mdl 128] White goes for the king.} Bxf6 23. Qxf6 {White is clearly winning.} Qf5 24. Qxd4 {[#] Hoping for Re3.} Qh7 25. Re3 {White wants to mate with Rg3+.} Bf5 26. Rg3+ Bg6 27. f4 {Black must now prevent f5.} Rfd8 (27... Rbd8 $142 28. Qf6 Rc8 29. Rxc8 Rxc8) 28. Qf6 {f5 would kill now.} Rd5 {Black hopes to continue with ...Qg7.} 29. f5 {[%mdl 64] Pin. Accuracy: White = 82%, Black = 40%.} 1-0

[Event "VI Sunway Sitges Open 2019"]
[Site "Sitges"]
[Date "2019.12.16"]
[Round "4.8"]
[White "Batsiashvili, Nino"]
[Black "Praggnanandhaa R"]
[Result "0-1"]
[WhiteElo "2447"]
[BlackElo "2586"]
[Annotator "ChessBase"]
[PlyCount "82"]
[EventDate "2019.12.13"]
[EventType "swiss"]
[EventCountry "ESP"]
[SourceTitle "playchess.com"]
[Source "ChessBase"]
[SourceQuality "1"]
[TimeControl "40/5400+30:1800+30"]

1. c4 {[%emt 0:03:14]} Nf6 {[%emt 0:00:08]} 2. Nc3 {[%emt 0:00:08]} g6 {[%emt 0:00:10]} 3. e4 {[%emt 0:01:04]} d6 {[%emt 0:00:25]} 4. d4 {[%emt 0:00:06]} Bg7 {[%emt 0:00:06]} 5. h3 {[%emt 0:00:07]} e5 {[%emt 0:00:30]} 6. d5 {[%emt 0:01:28]} a5 {[%emt 0:00:27]} 7. Be3 {[%emt 0:02:49]} Na6 {[%emt 0:01:15]} 8. g4 {[%emt 0:00:35]} Nd7 {[%emt 0:00:46]} 9. Nge2 {[%emt 0:02:47]} Bf6 {[%emt 0:01:59]} 10. Qd2 {[%emt 0:01:00]} h6 {[%emt 0:00:56]} 11. O-O-O {[%emt 0:12:23]} Bg5 {[%emt 0:05:25]} 12. f4 {[%emt 0:03:12]} exf4 {[%emt 0:00:46]} 13. Nxf4 {[%emt 0:00:02]} Ne5 {[%emt 0:06:19]} 14. Be2 {[%emt 0:01:22]} Qe7 {[%emt 0:11:57]} 15. Nb5 {[%emt 0:25:39]} b6 {[%emt 0:20:24]} 16. Rh2 {[%emt 0:12:33]} Bd7 {[%emt 0:04:38]} 17. Rdh1 {[%emt 0:02:18]} Bh4 {[%emt 0:14:32]} 18. Nd4 {[%emt 0:06:17]} Nc5 {[%emt 0:02:17]} 19. Qc2 {[%emt 0:00:06]} O-O-O {[%emt 0:01:42]} 20. Kb1 {[%emt 0:01:05]} Rde8 {[%emt 0:02:52]} 21. b3 {[%emt 0:03:37]} h5 {[%emt 0:04:49]} 22. gxh5 {[%emt 0:01:58]} g5 {[%emt 0:07:19]} 23. Ng2 {[%emt 0:06:58]} Bg3 {[%emt 0:01:55]} 24. Ne1 {[%emt 0:01:00]} Bxh2 {[%emt 0:00:00]} 25. Rxh2 {[%emt 0:01:02]} g4 26. hxg4 {[%emt 0:03:15]} Nxg4 {[%emt 0:00:52]} 27. Bxg4 {[%emt 0:00:00]} Bxg4 {[%emt 0:00:00]} 28. h6 {[%emt 0:00:44]} Nxe4 29. Ng2 {[%emt 0:03:13]} Qf6 {[%emt 0:04:28]} 30. Qd3 {[%emt 0:03:31]} Nc5 {[%emt 0:00:00]} 31. Qd2 {[%emt 0:01:03]} Bf5+ {[%emt 0:00:00]} 32. Nxf5 {[%emt 0:00:00]} Qxf5+ {[%emt 0:00:00]} 33. Qc2 {[%emt 0:01:56]} Qf1+ {[%emt 0:01:03]} 34. Kb2 {[%emt 0:01:16]} Nd3+ {[%emt 0:02:48]} 35. Ka3 {[%emt 0:02:25]} a4 {[%emt 0:02:50]} 36. Bd4 {[%emt 0:01:05]} axb3 {[%emt 0:00:20]} 37. axb3 {[%emt 0:00:18]} Kb7 {[%emt 0:00:21]} 38. b4 {[%emt 0:00:26]} Ra8+ {[%emt 0:00:13]} 39. Kb3 {[%emt 0:00:00]} Nc1+ {[%emt 0:00:05]} 40. Kc3 {[%emt 0:00:00]} Ra3+ {[%emt 0:00:00]} 41. Kd2 {[%emt 0:00:00]} Rd3+ {[%emt 0:00:11]} 0-1

[Event "VI Sunway Sitges Open 2019"]
[Site "Sitges"]
[Date "2019.12.16"]
[Round "4.9"]
[White "Song, Raymond"]
[Black "Melkumyan, Hrant"]
[Result "1/2-1/2"]
[WhiteElo "2468"]
[BlackElo "2668"]
[Annotator "TA"]
[PlyCount "98"]
[EventDate "2019.12.13"]
[EventType "swiss"]
[EventCountry "ESP"]
[SourceTitle "playchess.com"]
[Source "ChessBase"]
[SourceQuality "1"]

{[%evp 17,98,8,28,-9,29,32,47,0,12,0,11,-6,41,-18,-17,-47,-12,-54,-57,-65,14,4,36,35,52,0,46,6,20,22,65,56,50,59,90,88,114,88,93,62,143,122,139,72,66,70,73,71,74,65,68,62,68,66,66,66,66,67,60,56,72,71,58,88,67,62,71,40,40,33,33,25,25,25,25,8,8,8,33,8,53,8,8]} 1. d4 Nf6 2. c4 g6 3. g3 Bg7 4. Bg2 O-O 5. Nf3 d5 6. cxd5 Nxd5 7. O-O Nc6 8. e3 Nb6 9. Nc3 Re8 10. Nh4 {D76: Fianchetto Grünfeld: Main Line with 7...Nb6} (10. h3 e5 11. d5 Na5 12. Qc2 Nac4 13. e4 Bd7 14. b3 Nd6 15. a4 a5 16. Rd1 f5 17. Ng5 Qf6 18. Ne6 Bxe6 19. dxe6 Qxe6 20. exf5 Nxf5 {1-0 (36) Tomashevsky,E (2706)-Artemiev,V (2757) Izhevsk 2019}) 10... a5 11. f4 a4 12. Kh1 {White is slightly better.} Nb4 $146 ({Predecessor:} 12... f5 13. Rb1 Nb4 14. b3 a3 15. Qe2 N6d5 16. Nxd5 Nxd5 17. Bd2 Be6 {1-0 (41) Brunner,J (2046)-Pahl,T (2029) Willingen 2019}) 13. Ne4 Be6 14. Bd2 Na6 15. Qc2 (15. f5 $14 Bc4 16. Rf2) 15... Bd5 $11 16. f5 Rf8 17. Ng5 {[%cal Rf5g6]} Bxg2+ 18. Nxg2 Qd5 ({Black should try} 18... e6 $1 $15 19. e4 Qxd4) 19. Bc3 $36 {[%mdl 2048] White fights for an advantage.} Qc6 20. Rac1 Rad8 21. fxg6 ({Better is} 21. h4 $14) 21... hxg6 (21... fxg6 $5 {[%cal Rf8f1]} 22. Kg1 Bh6 23. Rxf8+ Rxf8 $11) 22. Qe2 Rd5 23. Qg4 Bh6 24. Nf3 Qd7 25. Qe4 Rf5 26. Qxb7 Qb5 {[#]} 27. Qe4 $1 Nd5 28. Kg1 a3 (28... Nab4 $14) 29. bxa3 $16 Qe2 {[#]} (29... Nxc3 $2 30. Rxc3 c5 31. Nf4 $18) 30. g4 (30. Bd2 Nf6 $11) (30. Rf2 $142 $1 {[%cal Rf2e2]} Bxe3 31. Qxe3 Qxe3 32. Nxe3 Nxe3 33. Ne5) 30... Nf6 ({Not} 30... Nxe3 $2 31. Rf2 $18) ({Wrong is} 30... Bxe3+ $2 31. Nxe3 Nf6 32. Rc2 $18 (32. Qxe7 Rxf3 33. Rxf3 Qxf3 $18)) ({Don't go for} 30... Nxc3 $2 31. Rxc3 Rf6 32. Rc2 $18) 31. Qxe7 Rxf3 32. Rxf3 Qxf3 33. Rf1 Qc6 {And now ...Nd5 would win.} 34. Qxf6 Qxc3 35. g5 Bg7 $1 {[%cal Rg7f6]} 36. Qxa6 {Black must now prevent Qb5.} c5 $1 37. dxc5 Qxc5 38. h4 Qc2 39. a4 Qxa2 40. Qc6 Rd8 41. Qf3 Be5 42. a5 (42. h5 {seems wilder.} gxh5 43. Qxh5 Rd2 44. Qf3 Qd5 45. Nh4) 42... Qd5 43. Qxd5 Rxd5 $14 {[%mdl 4096] Endgame KRB-KRN} 44. Kf2 Rxa5 45. Kf3 Kf8 46. Nf4 Bxf4 47. exf4 Ra3+ 48. Kg4 {next f5 is good for White.} f5+ 49. gxf6 Kf7 {Accuracy: White = 52%, Black = 57%.} 1/2-1/2

[Event "VI Sunway Sitges Open 2019"]
[Site "Sitges"]
[Date "2019.12.16"]
[Round "4.10"]
[White "Krysa, Leandro"]
[Black "Nihal Sarin"]
[Result "1/2-1/2"]
[WhiteElo "2527"]
[BlackElo "2612"]
[Annotator "TA"]
[PlyCount "61"]
[EventDate "2019.12.13"]
[EventType "swiss"]
[EventCountry "ESP"]
[SourceTitle "playchess.com"]
[Source "ChessBase"]
[SourceQuality "1"]

{[%evp 10,61,27,27,10,18,25,18,15,16,15,16,15,15,17,15,21,11,16,15,24,26,27,23,25,0,0,-3,8,0,0,0,0,-11,0,-7,-7,-7,-7,-9,-10,-33,0,0,0,0,0,-19,-10,-20,0,0,0,-8]} 1. c4 e5 2. Nc3 Nf6 3. Nf3 Nc6 4. g3 Bb4 5. Nd5 a5 6. Bg2 d6 {A29: English Opening: Four Knights Variation with 4 g3} (6... O-O 7. O-O Re8 8. d3 Nxd5 9. cxd5 Nd4 10. Nxd4 exd4 11. e4 c6 12. Bf4 cxd5 13. a3 Bc5 14. b4 Bf8 15. exd5 d6 16. bxa5 Qxa5 {½-½ (60) Carlsen,M (2845)-Naiditsch,A (2695) Karlsruhe/Baden Baden 2019}) 7. O-O O-O 8. d4 Nxd5 9. cxd5 Nxd4 10. Nxd4 exd4 11. Qxd4 Re8 12. e3 Bc5 13. Qf4 $146 ({Predecessor:} 13. Qc3 Qg5 14. b3 {½-½ (40) Johansson,T (2071)-Opasiak,D (1823) London 2016}) 13... Qd7 14. Bd2 Qf5 15. Bc3 Qxf4 16. gxf4 Bg4 17. b3 f6 18. a3 {[%cal Ba2a3,Ba3b4][%mdl 32]} Kf7 19. b4 axb4 20. axb4 Bb6 21. h3 Bd7 22. Kh2 Rxa1 23. Rxa1 g5 24. fxg5 fxg5 25. Rd1 Bf5 26. Bd4 {The position is equal.} Bxd4 27. Rxd4 Kf6 28. Bf3 Ke5 29. Kg3 h6 30. Rc4 Re7 31. Rd4 {Accuracy: White = 51%, Black = 66%.} 1/2-1/2

[Event "VI Sunway Sitges Open 2019"]
[Site "Sitges"]
[Date "2019.12.16"]
[Round "4.11"]
[White "Karthikeyan, Murali"]
[Black "Gordon, Stephen J"]
[Result "0-1"]
[WhiteElo "2611"]
[BlackElo "2495"]
[Annotator "TA"]
[PlyCount "80"]
[EventDate "2019.12.13"]
[EventType "swiss"]
[EventCountry "ESP"]
[SourceTitle "playchess.com"]
[Source "ChessBase"]
[SourceQuality "1"]

{[%evp 20,110,15,20,16,0,28,0,9,0,22,-6,0,-18,-17,-56,-29,-46,-41,-49,-43,-40,-51,-37,-54,-67,-23,-53,-16,-37,-14,-14,-14,-36,0,0,0,0,0,0,0,0,0,-95,-104,-171,-183,-208,-214,-288,-204,-218,-212,-255,-270,-250,-235,-287,-255,-290,-290,-666,-643,-627,-595,-2657,-2758,-1647,-2042,-12822,-12831,-6510,-1263,-12833,-12831,-12836,-12837,-12837,-12837,-12838,-12835,-12837,-12837,-12837,-12838,-12840,-12840,-12841,-12841,-12842,-12840,-12841,-12841]} 1. e4 c5 2. Nf3 d6 3. d4 cxd4 4. Nxd4 Nf6 5. Nc3 a6 6. Be2 e5 7. Nb3 Be7 8. Be3 Be6 9. O-O O-O 10. Bf3 Nbd7 11. a4 Qc7 {B92: Sicilian Najdorf: 6 Be2} (11... Nb6 12. Nd2 Rc8 13. a5 Nc4 14. Nxc4 Rxc4 15. Qd2 Qc7 16. h3 Rc8 17. Rfd1 h6 18. Qe1 Qc6 19. Nd5 Bxd5 20. exd5 {1-0 (48) Caruana,F (2819)-Vachier Lagrave,M (2775) Paris 2019}) 12. Re1 h6 13. h3 Rfc8 {The position is equal.} 14. a5 Bf8 {[#]} 15. g4 $146 ({Predecessor:} 15. Qd2 Rab8 16. Rec1 b5 17. axb6 Nxb6 {½-½ (31) Efimenko,Z (2632)-Berkes,F (2601) Paks 2006}) 15... Be7 16. Re2 b5 17. Nd5 Bxd5 18. exd5 Nh7 19. Be4 Bg5 20. Bxh7+ Kxh7 21. Bxg5 hxg5 22. Nd2 f6 23. Ne4 Nc5 {aiming for ...Nxe4.} 24. Ng3 b4 25. Qd2 Rab8 26. Kg2 Kg6 27. Re3 $1 Kf7 28. Rf3 Kg8 $36 {[%mdl 2048] Black has the initiative.} 29. Rh1 Nd7 ({Much weaker is} 29... Qxa5 $6 30. h4 $16) 30. c3 Qxa5 31. h4 (31. Nf5 $11) 31... bxc3 32. bxc3 {[#]} (32. Qd3 $17 cxb2 33. hxg5) 32... Rc4 $1 $19 33. hxg5 Rxg4 34. Rh5 Rf8 35. Kh3 Rxg5 36. Rxg5 fxg5 37. Rxf8+ Kxf8 38. Qxg5 {Hoping for Nf5.} Nf6 39. c4 Qc3 40. f4 $2 (40. Kh2 Qxc4 41. Kg1) 40... Qxc4 {Played: Qc3-e3} 0-1

[Event "VI Sunway Sitges Open 2019"]
[Site "Sitges"]
[Date "2019.12.16"]
[Round "4.12"]
[White "Lobanov, Sergei"]
[Black "Durarbayli, Vasif"]
[Result "0-1"]
[WhiteElo "2504"]
[BlackElo "2609"]
[Annotator "TA"]
[PlyCount "64"]
[EventDate "2019.12.13"]
[EventType "swiss"]
[EventCountry "ESP"]
[SourceTitle "playchess.com"]
[Source "ChessBase"]
[SourceQuality "1"]

{[%evp 13,64,16,34,43,33,0,0,0,0,0,-10,-65,-72,-80,-74,-97,0,0,0,0,0,-64,-43,-58,-55,-53,-135,-135,-40,-42,-37,-60,-62,-70,-87,-82,-82,-86,-69,-153,-107,-164,-161,-172,-154,-176,-156,-333,-322,-322,-320,-311,-241]} 1. e4 c5 2. Nf3 d6 3. d4 cxd4 4. Nxd4 Nf6 5. Nc3 a6 6. h3 g6 7. g4 Bg7 8. Be3 {B90: Sicilian Najdorf: Unusual White 6th moves, 6 Be3 Ng4 and 6 Be3 e5} O-O 9. g5 (9. Qd2 b5 10. Bg2 Bb7 11. a3 Nbd7 12. g5 Nh5 13. Bf3 Ne5 14. Bxh5 gxh5 15. O-O-O Rc8 {0-1 (41) Xiong,J (2656)-Shankland,S (2717) Montevideo 2018}) 9... Nh5 10. Qd2 {The position is equal.} Nc6 11. Nb3 $146 ({Predecessor:} 11. O-O-O Nxd4 12. Bxd4 Bxd4 13. Qxd4 e5 14. Qxd6 Qxg5+ 15. Kb1 Be6 {½-½ (49) Goumas,G (2323)-Managadze,N (2470) Nikea 2011}) 11... Be6 12. Be2 (12. O-O-O $1 $11) 12... Rc8 $15 13. Bxh5 gxh5 14. O-O-O Ne5 (14... Bxc3 $17 15. Qxc3 a5) 15. Qe2 $1 $11 Rxc3 16. bxc3 Qd7 17. Rd4 ({White should try} 17. Bd4 $11 Qa4 18. Kb2) 17... Nc4 18. Nc5 ({Reject} 18. Qxh5 Qa4 $17) 18... Qb5 19. Nxe6 Qb2+ {[%mdl 64] Double Attack} 20. Kd1 Nxe3+ (20... Qb1+ $1 $17 21. Bc1 Nb2+ 22. Kd2 fxe6) 21. Qxe3 $15 fxe6 22. Rd3 Be5 {Strongly threatening ...Bf4.} 23. Qc1 Qxa2 24. Ke2 Qc4 25. f3 Bxc3 26. Rg1 (26. Qa3 $1 $15 Be5 27. Qb3) 26... Kg7 27. Qb1 {[#]} (27. Qa3 $17 Bd4 28. Rc1) 27... b5 $1 $36 {[%cal Bb7b5,Bb5b4][%mdl 2080] White is under strong pressure.} 28. Qb3 {[#]} Rc8 $1 29. Rb1 b4 30. Qa4 $2 (30. Rf1 $17) 30... h4 {Black has a decisive advantage.} 31. Rb3 Kf7 32. Rb1 Rc5 {Accuracy: White = 31%, Black = 73%.} 0-1

[Event "VI Sunway Sitges Open 2019"]
[Site "Sitges"]
[Date "2019.12.16"]
[Round "4.13"]
[White "Adly, Ahmed"]
[Black "Erenberg, Ariel"]
[Result "0-1"]
[WhiteElo "2607"]
[BlackElo "2479"]
[Annotator "TA"]
[PlyCount "58"]
[EventDate "2019.12.13"]
[EventType "swiss"]
[EventCountry "ESP"]
[SourceTitle "playchess.com"]
[Source "ChessBase"]
[SourceQuality "1"]

{[%evp 17,58,58,63,32,95,30,21,0,7,17,0,10,6,8,16,0,0,-6,0,0,27,-52,-75,-79,-83,-91,-82,-79,-78,-117,-126,-162,-142,-118,-56,-250,-249,-282,-282,-596,-610,-666,-635]} 1. d4 Nf6 2. Nf3 e6 3. g3 d5 4. Bg2 Nbd7 5. O-O Be7 6. c4 dxc4 7. Qc2 O-O 8. Qxc4 a6 9. Qc2 c5 10. Rd1 {E02: Open Catalan: 5 Qa4+} Qc7 (10... Ra7 $1 $14) (10... Nd5 11. Nc3 Nxc3 12. Qxc3 Nf6 13. Qc2 cxd4 14. Nxd4 Qe8 15. Bd2 Nd5 16. Nf5 exf5 17. Bxd5 Qb5 {½-½ (84) Lenderman,A (2573)-Vidit,S (2673) chess.com INT 2017}) 11. e4 $146 ({Better is} 11. Bf4 $16 Qb6 12. Nbd2) ({Predecessor:} 11. Nc3 cxd4 12. Nxd4 Nc5 13. Na4 Bd7 14. Nxc5 Bxc5 15. b4 Ba4 16. Qxa4 Bxd4 17. Rxd4 Qc3 {1-0 (26) Korobkov,P (2508)-Provotorov,I (2398) Voronezh 2008}) 11... b5 $11 12. Bf4 {The position is equal.} Qa7 13. d5 exd5 14. exd5 Bb7 15. d6 Bd8 16. Nc3 Rc8 17. Ne5 Bxg2 18. Kxg2 b4 19. Na4 (19. Nxd7 $11 Qxd7 20. Nd5) 19... Qb7+ 20. Kg1 Nxe5 21. Bxe5 Nd7 22. Re1 c4 23. Rad1 {[#]} Qb5 $1 $36 {[%mdl 2048] Keeping White busy.} 24. Bf4 Bf6 {Threatens to win with ...b3.} 25. Re4 c3 (25... Rfe8 $17 {And now ...Rxe4 would win.} 26. Rde1 Rxe4 27. Rxe4 c3) 26. Qb3 $2 {[#]} (26. bxc3 $15 bxc3 27. Be3) 26... cxb2 $1 $19 27. Rxb4 Qe2 28. Kg2 $2 (28. Be3 {is more resistant.}) 28... a5 ({Not} 28... Rc2 29. Qf3 $17) 29. Rb7 Rb8 {Accuracy: White = 34%, Black = 67%.} ({Weaker is} 29... Rc2 30. Qf3 $15) 0-1

[Event "VI Sunway Sitges Open 2019"]
[Site "Sitges"]
[Date "2019.12.16"]
[Round "4.14"]
[White "Gareyev, Timur"]
[Black "Firat, Burak"]
[Result "1-0"]
[WhiteElo "2598"]
[BlackElo "2475"]
[Annotator "ChessBase"]
[PlyCount "83"]
[EventDate "2019.12.13"]
[EventType "swiss"]
[EventCountry "ESP"]
[SourceTitle "playchess.com"]
[Source "ChessBase"]
[SourceQuality "1"]
[TimeControl "40/5400+30:1800+30"]

1. c4 {[%emt 0:00:10]} e6 {[%emt 0:00:37]} 2. Nf3 {[%emt 0:03:18]} Nf6 {[%emt 0:01:25]} 3. g3 {[%emt 0:00:11]} d5 {[%emt 0:00:12]} 4. Bg2 {[%emt 0:00:02]} Be7 {[%emt 0:00:24]} 5. b3 {[%emt 0:00:30]} c5 {[%emt 0:09:18]} 6. O-O {[%emt 0:01:31]} Nc6 {[%emt 0:03:01]} 7. cxd5 {[%emt 0:01:21]} Nxd5 {[%emt 0:00:57]} 8. Bb2 {[%emt 0:00:03]} Bf6 {[%emt 0:05:39]} 9. Bxf6 {[%emt 0:00:02]} Qxf6 {[%emt 0:00:13]} 10. Nc3 {[%emt 0:00:02]} O-O {[%emt 0:10:43]} 11. Ne4 {[%emt 0:01:14]} Qe7 {[%emt 0:02:03]} 12. d4 {[%emt 0:00:02]} cxd4 {[%emt 0:04:33]} 13. Nxd4 {[%emt 0:00:03]} Bd7 {[%emt 0:00:11]} 14. Qd2 {[%emt 0:20:52]} Rfd8 {[%emt 0:05:14]} 15. Rfd1 {[%emt 0:01:59]} Nxd4 {[%emt 0:05:58]} 16. Qxd4 {[%emt 0:00:03]} Bb5 {[%emt 0:00:17]} 17. Bf3 {[%emt 0:09:59]} Bc6 {[%emt 0:09:09]} 18. Rac1 {[%emt 0:11:15]} h6 {[%emt 0:12:46]} 19. Qc5 {[%emt 0:18:47]} Qxc5 {[%emt 0:03:10]} 20. Nxc5 {[%emt 0:00:32]} Rac8 {[%emt 0:00:39]} 21. Nd3 {[%emt 0:00:43]} Ne7 {[%emt 0:07:26]} 22. Kg2 {[%emt 0:05:32]} f6 {[%emt 0:04:21]} 23. Bxc6 {[%emt 0:07:02]} Rxc6 {[%emt 0:02:25]} 24. Rxc6 {[%emt 0:02:21]} Nxc6 {[%emt 0:00:04]} 25. Rc1 {[%emt 0:00:04]} Nd4 {[%emt 0:06:53]} 26. Rc7 {[%emt 0:06:04]} Nxe2 {[%emt 0:00:03]} 27. Nc5 {[%emt 0:00:12]} Nd4 {[%emt 0:00:53]} 28. Nxb7 {[%emt 0:00:23]} Rd5 {[%emt 0:01:28]} 29. b4 {[%emt 0:00:04]} g5 {[%emt 0:01:23]} 30. Nc5 {[%emt 0:01:14]} f5 {[%emt 0:01:15]} 31. Rxa7 {[%emt 0:06:22]} Nc6 {[%emt 0:00:01]} 32. Ra8+ {[%emt 0:00:23]} Kf7 {[%emt 0:00:02]} 33. a3 {[%emt 0:00:16]} g4 {[%emt 0:00:18]} 34. h3 {[%emt 0:02:09]} h5 {[%emt 0:00:15]} 35. Rh8 {[%emt 0:00:45]} gxh3+ {[%emt 0:02:32]} 36. Kxh3 {[%emt 0:00:02]} Ne5 {[%emt 0:00:53]} 37. Rh7+ {[%emt 0:00:20]} Kg6 {[%emt 0:00:48]} 38. Re7 {[%emt 0:00:05]} Ng4 {[%emt 0:00:45]} 39. Rxe6+ {[%emt 0:00:16]} Kf7 {[%emt 0:00:12]} 40. Re2 {[%emt 0:00:00]} Rd1 {[%emt 0:00:00]} 41. Kg2 {[%emt 0:04:30]} Ra1 {[%emt 0:00:15]} 42. a4 {[%emt 0:00:11]} 1-0

[Event "VI Sunway Sitges Open 2019"]
[Site "Sitges"]
[Date "2019.12.16"]
[Round "4.15"]
[White "Diaz Camallonga, Carles"]
[Black "Svane, Rasmus"]
[Result "1/2-1/2"]
[WhiteElo "2468"]
[BlackElo "2597"]
[Annotator "ChessBase"]
[PlyCount "108"]
[EventDate "2019.12.13"]
[EventType "swiss"]
[EventCountry "ESP"]
[SourceTitle "playchess.com"]
[Source "ChessBase"]
[SourceQuality "1"]
[TimeControl "40/5400+30:1800+30"]

1. e4 {[%emt 4:51:20]} c6 {[%emt 0:00:14]} 2. Nc3 {[%emt 0:00:19]} d5 {[%emt 0:00:07]} 3. Nf3 {[%emt 0:00:06]} Bg4 {[%emt 0:00:08]} 4. Be2 {[%emt 0:01:42]} e6 {[%emt 0:00:15]} 5. d4 {[%emt 0:01:15]} Nd7 {[%emt 0:01:10]} 6. O-O {[%emt 0:03:05]} Bd6 {[%emt 0:00:53]} 7. Re1 {[%emt 0:05:45]} Ne7 {[%emt 0:01:09]} 8. Bd3 {[%emt 0:06:02]} Qb6 {[%emt 0:12:36]} 9. e5 {[%emt 0:19:36]} Bb8 {[%emt 0:10:58]} 10. Na4 {[%emt 0:09:15]} Qa5 {[%emt 0:06:20]} 11. c3 {[%emt 0:15:15]} Qc7 {[%emt 0:11:21]} 12. h3 {[%emt 0:03:46]} Bh5 {[%emt 0:04:39]} 13. Bf4 {[%emt 0:00:28]} a5 {[%emt 0:02:30]} 14. b3 {[%emt 0:01:21]} Ba7 {[%emt 0:06:37]} 15. Rc1 {[%emt 0:00:48]} Rc8 {[%emt 0:11:23]} 16. g4 {[%emt 0:06:22]} Bg6 {[%emt 0:00:05]} 17. c4 {[%emt 0:00:10]} Nf8 {[%emt 0:09:15]} 18. c5 {[%emt 0:01:48]} Nd7 {[%emt 0:02:38]} 19. Bg3 {[%emt 0:00:53]} Qd8 {[%emt 0:01:07]} 20. Kg2 {[%emt 0:02:58]} Bxd3 {[%emt 0:01:31]} 21. Qxd3 {[%emt 0:00:05]} Ng6 {[%emt 0:01:18]} 22. Qe3 {[%emt 0:03:07]} h6 {[%emt 0:03:31]} 23. Qd3 {[%emt 0:02:36]} Bb8 {[%emt 0:01:00]} 24. Nb2 {[%emt 0:04:15]} Bc7 {[%emt 0:01:05]} 25. a3 {[%emt 0:01:03]} Qe7 {[%emt 0:01:42]} 26. Nd1 {[%emt 0:00:59]} b6 {[%emt 0:01:30]} 27. b4 {[%emt 0:01:53]} O-O {[%emt 0:01:28]} 28. Ne3 {[%emt 0:00:34]} axb4 {[%emt 0:00:47]} 29. axb4 {[%emt 0:00:04]} bxc5 {[%emt 0:00:22]} 30. bxc5 {[%emt 0:00:12]} Qe8 {[%emt 0:00:04]} 31. Ng1 {[%emt 0:04:28]} f6 {[%emt 0:00:59]} 32. f4 {[%emt 0:00:13]} fxe5 {[%emt 0:00:27]} 33. fxe5 {[%emt 0:00:05]} Bd8 {[%emt 0:00:33]} 34. Rf1 {[%emt 0:01:28]} Bg5 {[%emt 0:01:00]} 35. Rxf8+ {[%emt 0:00:34]} Ndxf8 {[%emt 0:00:06]} 36. Rf1 {[%emt 0:00:03]} Ra8 {[%emt 0:02:11]} 37. Rf2 {[%emt 0:00:42]} Nh4+ {[%emt 0:01:43]} 38. Kh2 {[%emt 0:01:27]} Qg6 {[%emt 0:02:58]} 39. Qxg6 {[%emt 0:02:20]} Nfxg6 {[%emt 0:00:02]} 40. Nc2 {[%emt 0:00:07]} Rb8 {[%emt 0:02:09]} 41. Nf3 {[%emt 0:05:51]} Nxf3+ {[%emt 0:07:28]} 42. Rxf3 {[%emt 0:00:04]} Nh4 {[%emt 0:02:46]} 43. Rf2 {[%emt 0:03:23]} Rb3 {[%emt 0:00:52]} 44. Ne1 {[%emt 0:03:23]} Re3 {[%emt 0:04:53]} 45. Ra2 {[%emt 0:03:47]} Ng6 {[%emt 0:06:43]} 46. Ng2 {[%emt 0:01:15]} Rf3 {[%emt 0:05:20]} 47. Ra6 {[%emt 0:05:04]} Ne7 {[%emt 0:00:07]} 48. Ra7 {[%emt 0:00:51]} Kf8 {[%emt 0:02:10]} 49. h4 {[%emt 0:02:15]} Bd2 {[%emt 0:00:44]} 50. h5 {[%emt 0:02:05]} Rd3 {[%emt 0:01:49]} 51. Bf2 {[%emt 0:01:00]} Bg5 {[%emt 0:01:14]} 52. Ne1 {[%emt 0:02:01]} Rd2 {[%emt 0:00:41]} 53. Kg3 {[%emt 0:00:13]} Bh4+ {[%emt 0:01:37]} 54. Kxh4 {[%emt 0:00:05]} Rxf2 {[%emt 0:00:05]} 1/2-1/2